| 000 | 00000nam##2200000za#4500 |
| 001 | 9.538528 |
| 003 | CaOODSP |
| 005 | 20210305151645 |
| 007 | ta |
| 008 | 150406|2003||||xxc||||| f|0| 0 eng|d |
| 040 | |aCaOODSP|beng |
| 041 | |aeng |
| 041 | |afre |
| 043 | |an-cn--- |
| 086 | 1 |aXC67-372/1-1-03 |
| 110 | 1 |aCanada. |bParliament. |bHouse of Commons. |
| 245 | 10|aListening to Canadians : |ba first view of the future of the Canada Pension Plan Disability Program / |cJudi Longfield, Chair; Carolyn Bennett, Chair, Subcommittee on the Status of Persons with Disabilities. |
| 260 | |bHouse of Commons |cJune 2003. |
| 300 | |aEnglish text, xi, 136p. : |bmarine charts, references, tables ; |c28 cm. |
| 490 | 1 |aReport of the Standing Committee on Human Resources Development and the Status of Persons with Disabilities |
| 563 | |aSoftcover |
| 590 | |a03-29|b2003-07-18 |
| 690 | 07|aHuman resources|2gcpds |
| 690 | 07|aReports|2gcpds |
| 690 | 07|aStatus of disabled persons|2gcpds |
| 792 | |tÀ l'écoute des canadiens : |efre|w(CaOODSP)9.538529 |
| 830 | #0|aReport of the Standing Committee on Human Resources Development and the Status of Persons with Disabilities.|w(CaOODSP)9.510802 |